000 00304nam a22001337a 4500
008 170424b xxu||||| |||| 00| 0 eng d
020 _a084120557
041 _aeng
080 _a54
100 _a12
101 _aSHM
245 _aCHEMISTRY AND THE FOOD SYSTEM
_cBAUNERFEIND.J.C
942 _2udc
_cBK
999 _c11728
_d11728